| 000 | 02160cam a2200349 i 4500 | ||
|---|---|---|---|
| 001 | 18826637 | ||
| 003 | SISC | ||
| 005 | 20161004151944.0 | ||
| 008 | 151021s2016 nju 001 0 eng | ||
| 010 | _a 2015040936 | ||
| 020 | _a9781119117643 (hardback) | ||
| 040 |
_aDLC _beng _cDLC _erda _dDLC |
||
| 042 | _apcc | ||
| 050 | 0 | 0 |
_aQA 76.76.F34 _b.B44 2016 |
| 082 | 0 | 0 | _a005 |
| 084 |
_aCOM081000 _2bisacsh |
||
| 100 | 1 |
_aBell, Michael, _d1957 June 22- _eauthor. |
|
| 245 | 1 | 0 |
_aIncremental software architecture : _ba method for saving failing IT implementations / _cMichael Bell. |
| 300 |
_axi, 260 pages ; _c27 cm. |
||
| 500 | _aIncludes index. | ||
| 520 | _a"This book will depict rare insights into actual failed-to-perform software systems, followed by comprehensive root-cause analyses identifying the reasons for their unsuccessful execution in production. Remedies will be provided that offer strategies to tackle the chief issues. Last, architecture and design best practices will conclude the discussion. The book will assist users to: Mitigate risks of software development projects Increase return on investments (ROI) Provide effective tools to assess technological achievability and viability Introduce software design best practices for enterprise architecture efforts Identify actual software construction value proposition Foster software assets reuse and consolidation Accelerate time-to-market "-- | ||
| 650 | 0 | _aSoftware failures. | |
| 650 | 0 | _aEvolutionary programming (Computer science) | |
| 650 | 0 | _aContinuous improvement process. | |
| 650 | 0 | _aSoftware architecture. | |
| 650 | 7 |
_aCOMPUTERS / Desktop Applications / Project Management Software. _2bisacsh |
|
| 776 | 0 | 8 |
_iOnline version: _aBell, Michael, 1957 June 22- author. _tIncremental software architecture _dHoboken : John Wiley & Sons, Inc., 2016 _z9781119213680 _w(DLC) 2015042369 |
| 856 | 4 | 2 |
_3Cover image _uhttp://catalogimages.wiley.com/images/db/jimages/9781119117643.jpg |
| 906 |
_a7 _bcbc _corignew _d1 _eecip _f20 _gy-gencatlg |
||
| 942 |
_2lcc _cBK |
||
| 999 |
_c305146 _d305146 |
||